Statistics for Frozen 2 Next Right Thing

Click here to take the quiz!

General Stats

  • This quiz has been taken 80 times
  • The average score is 28 of 33

Answer Stats

hintAnswer% Correct
I've seen ___ beforedark
100%
but not like ___this
100%
the lights are ___out
98%
and do the ___ ___ thingnext right
94%
How to rise ___ the floor?from
92%
But you've _____ _ a place I cannot findgone to
92%
But you must __ __go on
92%
But a tiny voice _____ in my mindwhispers
92%
I follow you ______, I always haveAround
90%
This grief has a _____, it pulls me downgravity
90%
the ___ i knew is overlife
90%
And do the ___ ___ ___next right thing
90%
Just do the ___ ___ ___next right thing
90%
and do the __ ___ ____next right thing
90%
You are ___,___ is gonelost, hope
88%
The only star that ____ me was youguided
86%
But it's ___ ___I'm rising fornot you
86%
I don't know ____ what is trueanymore
84%
Can there be a day _____ this night?beyond
84%
This next choice is one that _ __ ____I can make
84%
will never be the ___ againsame
84%
to hear ___ voicethat
84%
This is ___ this is ___This is ____cold empty numb
82%
It's too ____ for me to takemuch
82%
I can't find _ _____, I'm all alonemy direction
82%
So I'll walk through this ____night
82%
When it's clear ___ ______that everything
82%
Then I'll make the ____choice
80%
_______ blindly toward the lightStumbling
78%
And, with it done, what ____ then?comes
76%
hello ____ I'm ready to _____darkness succumb
76%
I won't look _ __ aheadtoo far
76%
But break it down to this ___ ____, this next stepnext breath
73%

Score Distribution

Percentile by Number Answered

Percent of People with Each Score

Your Score History

You have not taken this quiz